| 000 | 00695cam a22001935a 4500 | ||
|---|---|---|---|
| 001 | L154869 | ||
| 008 | 120124s1972 xxk f 000 0 eng d | ||
| 035 | _a(Sirsi) u154869 | ||
| 041 | 0 | _aeng | |
| 050 | 0 | 4 | _a624 $2 18 |
| 110 | 2 |
_aInstitute of Quantity Surveyors _92491 |
|
| 245 | 0 | 2 | _aA report by the Civil Engineering Committee of the Institute of Quantity Surveyors on procedure in connection with the ICE Conditions of Contract fourth edition (January 1955) |
| 260 |
_aLondon _bIQS _c1972 |
||
| 300 |
_a34p. _c30cm. |
||
| 520 | _aA clause-by clause procedural guide to the ICE Conditions of Contract. | ||
| 651 | 4 |
_aUnited Kingdom _y |
|
| 690 |
_aQuantity surveying _96263 |
||
| 942 | _n0 | ||
| 999 |
_c113209 _d113209 |
||